El último de los mohicanos /

Guardado en:
Autor Principal: Cooper, James Fenimore.
Formato: Libro
Idioma:Undetermined
Publicado: Lanús : Sigmar, 1985.
Edición:1a ed.
Series:Grandes aventuras
Materias:
Etiquetas: Agregar Etiqueta
Sin Etiquetas, Sea el primero en etiquetar este registro!
LEADER 00562nam a22001815a 4500
001 CEM.cems024692
008 250617s1985####xx############000#0#und#d
005 20250617151959.0
245 1 0 |a El último de los mohicanos /  |c James Fenimore Cooper. 
250 |a 1a ed. 
260 |a Lanús :  |b Sigmar,  |c 1985. 
300 |a 56 p. 
490 1 |a Grandes aventuras 
100 1 |a Cooper, James Fenimore. 
653 |a Historieta 
653 |a Literatura infantil y juvenil 
653 |a Literatura norteamericana 
859 |a CEMS  |b BIB. CEMS - Inicial y Primaria  |h 813.2  |i C785  |k IP  |p 6890  |t Ej.1